ICC Champions Trophy Winners - Statistics

General Stats
  • This quiz has been taken 31 times
  • The average score is 6 of 8
Answer Stats
Year Winner Runners-Up % Correct
2017 Pakistan India
88%
2013 India England
83%
2002 India/Sri Lanka N/A (declared co-champions)
75%
1998 South Africa West Indies
75%
2009 Australia New Zealand
71%
2006 Australia West Indies
67%
2004 West Indies England
54%
2000 New Zealand India
50%
No matching quizzes found
Score Distribution
Percent of People with Each Score
Percentile by Number Answered
Your Score History
You have not taken this quiz